| 000 | 01882cam a2200313 a 4500 | ||
|---|---|---|---|
| 999 |
_c16136 _d16136 |
||
| 001 | 2578167 | ||
| 003 | OSt | ||
| 005 | 20210416112915.0 | ||
| 008 | 960426s1997 enka b 001 0 eng | ||
| 010 | _a 96008611 | ||
| 020 | _a0521580455 | ||
| 020 | _a0521589673 (pbk.) | ||
| 040 |
_aDLC _cDLC _dDLC |
||
| 050 | 0 | 0 |
_aP95.8 _b.W65 1997 |
| 082 | 0 | 0 |
_a302.23 WOL _220 |
| 100 | 1 | _aWolfsfeld, Gadi. | |
| 245 | 1 | 0 |
_aMedia and political conflict : _bnews from the Middle East / _cGadi Wolfsfeld. |
| 260 |
_aCambridge [England] ; _aNew York, NY, USA : _bCambridge University Press, _c1997. |
||
| 300 |
_axiv, 255 p. : _bill. ; _c24 cm. |
||
| 504 | _aIncludes bibliographical references (p. 240-246) and index. | ||
| 505 | _aContents Introduction Part I. The Rules of Combat: 1. The structural dimension: the struggle over access 2. The cultural dimension: the struggle over meaning 3. Media influence and political outcomes Part II. The Contests: 4. Political movements and media access: the struggle against the Oslo Accord 5. Competing frames of the Oslo Accord: a chance for peace or a national disaster? 6. Controlling the media in insurrections and wars: the intifada and the Gulf war 7. The contest over media frames in the intifada: David versus Goliath 8. The cultural struggle over the Gulf war: Iraqi aggression or American imperialism? Part III. Conclusion: 9. The multi-purpose arena Index | ||
| 650 | 0 |
_aMass media _xPolitical aspects. |
|
| 650 | 0 | _aPress and politics. | |
| 856 | 4 | 2 |
_3Publisher description _uhttp://www.loc.gov/catdir/description/cam027/96008611.html |
| 856 | 4 | 1 |
_3Table of contents _uhttp://www.loc.gov/catdir/toc/cam021/96008611.html |
| 906 |
_a7 _bcbc _corignew _d1 _eocip _f19 _gy-gencatlg |
||
| 942 |
_2ddc _cBK |
||